| 000 | 00494nam a22001937a 4500 | ||
|---|---|---|---|
| 003 | CEME | ||
| 005 | 20221205115551.0 | ||
| 008 | 210121b xxu||||| |||| 00| 0 eng d | ||
| 020 | _a0-07-463153-5 | ||
| 040 | _cceme | ||
| 082 | _a004.16 GIL | ||
| 100 |
_aGilmore, Charles .M _919157 |
||
| 245 | _aMicroprocessors, principles and applications | ||
| 250 | _a2ND | ||
| 260 |
_aNEW DELHI _bTATA MCGRAW HILL _c1996 |
||
| 300 | _aXV,556P | ||
| 650 |
_aMICROPROCESSOR _969197 |
||
| 942 |
_cBK _2ddc |
||
| 999 |
_c576570 _d576570 |
||